Paroles - Nekfeu - Nekketsu - Statistiques

Statistiques générales
  • Ce quiz a été pris 128 fois
  • Le résultat moyen est 254 sur 462
Statistiques - réponses
Paroles % Correct
à
97%
a
97%
de
97%
la
97%
ma
97%
Ma
97%
m'a
97%
je
93%
Je
93%
du
92%
Et
92%
et
92%
le
92%
Le
92%
au
90%
ça
90%
des
90%
pas
90%
vie,
88%
vie
88%
ces
85%
dire
85%
dire :
85%
que
85%
sa
85%
en
83%
comme
82%
Comme
82%
être
82%
maintenant
82%
Maintenant
82%
c'est
80%
mes
80%
par
80%
se
80%
j'ai
78%
J'ai
78%
"les
78%
les
78%
Les
78%
mère
78%
qu'à
78%
auteur
77%
dit
77%
Héros
77%
Si
77%
si
77%
Un
77%
un
77%
Elle
75%
elle,
75%
hauteur
75%
m'en
75%
j'veux
73%
Moi
73%
mon
73%
n'a
73%
s'en
73%
veux
73%
dans
72%
Dans
72%
Dis
72%
mal
72%
on
72%
On
72%
Quand
72%
quand
72%
son
72%
d'odeur
70%
j'me
70%
J'me
70%
lui
70%
peu
70%
pour
70%
cette
68%
dessus,
68%
d'heure
68%
élevé
68%
il
68%
l'argent
68%
maman
68%
rien
68%
dure,
67%
flair
67%
jamais
67%
Nekketsu
67%
parce
67%
père,
67%
père
67%
petits
67%
plus
67%
sont
67%
une
67%
veut
65%
bras
63%
sévérité,
63%
Sur
63%
sur
63%
tristes"
63%
assez
62%
Dieu
62%
frères
62%
garçons
62%
sors
62%
enfants
60%
gâtés
60%
j'vois
60%
Mekra
60%
Ou
60%
pudeur
60%
tes
60%
trop
60%
Trop
60%
clopes
58%
contente
58%
éducation
58%
jusqu'à
58%
mais
58%
même
58%
vis
58%
contemple
57%
d'l'amour
57%
époque
57%
Grâce
57%
j'dois
57%
planète
57%
protéger
57%
soleil
57%
stricte
57%
témoin,
57%
bouillant
55%
j'aimerais
55%
sang
55%
souviens
55%
vérités
55%
coucher
53%
fera
53%
l'prendre
53%
t'aimais
53%
tellement
53%
cassais
52%
J'remercierai
52%
obscure,
52%
exemple
50%
m'est
50%
peut-être
50%
coeur
48%
j'aperçois
48%
t'inquiète
48%
travaillait
48%
J'avais
47%
j'avais
47%
kho
47%
S-Croums
47%
S-croums,
47%
vu
47%
zappé
45%
d'un
43%
exode
43%
J'l'ai
43%
rêves
43%
s'plaindre,
43%
double,
42%
qui
42%
sans
42%
bien
40%
est
40%
fidèle
40%
jeune
40%
rap
40%
pote
38%
rom,
38%
ton
38%
bouchées
37%
devenir
37%
d'rôles
37%
jeux
37%
J'met
37%
nous
37%
bercer
35%
car
35%
dalle
35%
invoqué
35%
shonen
35%
souffrant
35%
chemin,
33%
j'inventais
33%
j'suis
33%
Choisis
32%
semaines
32%
show-man
32%
voyais
32%
Goku,
30%
longues
30%
Putain
30%
chan-mé,
28%
lit
28%
s'embrouillant
28%
chômer
27%
veines,
27%
bushido
25%
mieux
25%
temps
25%
tu
25%
allume
23%
casquette,
23%
gros
23%
humaines,
23%
lune
23%
mélodies
23%
rare
23%
souffrances
23%
souvenirs
23%
s'ouvrir
23%
aime
22%
apercevront
22%
avec
22%
cour
22%
départ
22%
joint
22%
mêlent
22%
peine
22%
qu'on
22%
rappelle
22%
rejoignant
22%
souvent,
22%
vaut
22%
visière
22%
Y
22%
belles
20%
cours
20%
donc
20%
ennemis
20%
t'emmènent
20%
toi
20%
carcéral
18%
Shenron
18%
barres
17%
dernier
17%
disque
17%
pêle-mêle
17%
rougeoyante
17%
toutes
17%
vaines
17%
aux
15%
cinq,
15%
gars
15%
j'inversais
15%
J'relève
15%
s'tape
15%
débarque
13%
d'une
12%
Haine
12%
Soudé
12%
parka
10%
reufs
10%
sombre
10%
sortes
10%
Tant
10%
tant ?
10%
vêtu
10%
compte
8%
d'embarcations
8%
l'accompagne
8%
notre
8%
zinc',
8%
10,
7%
aussi,
7%
carte,
7%
cash
7%
Cassel
7%
classe
7%
démarcation,
7%
j'écrivais
7%
l'équipe
7%
magasin
7%
Numéro
7%
regards
7%
voyagent
7%
Beaucoup
5%
défis
5%
éduqué
5%
glaçants,
5%
important
5%
lumière
5%
Paye
5%
Pourtant
5%
danse
3%
destin
3%
d'gov
3%
Grandir
3%
l'apparence
3%
marcassins
3%
Pourquoi
3%
remarques
3%
scène
3%
soudés
3%
synchro
3%
tentes
3%
textes
3%
autour
2%
cassante,
2%
concessions
2%
cours-tu
2%
D'humeur
2%
Hun,
2%
manoeuvres
2%
présentent
2%
queurs-cro,
2%
t'accorde
2%
temple
2%
d'âmes
0%
errantes
0%
face
0%
qu'tu
0%
Aucun quiz correspondant
Distribution des résultats
% des personnes avec chaque résultat
Percentile par nombre de réponses
Votre historique - résultats
Vous n’avez pas pris ce quiz